[Event "Fide Mercenarios 39th"]
[Site "Mexico City"]
[Date "1999.??.??"]
[Round "10"]
[White "Capistran, Javier"]
[Black "Acevedo, Armando"]
[Result "1-0"]
[WhiteElo "2195"]
[BlackElo "2265"]
[PlyCount "73"]
[EventDate "1999.??.??"]
[EventType "tourn"]
[EventRounds "11"]
[EventCountry "MEX"]
[SourceTitle "EXT 2000"]
[Source "ChessBase"]
[SourceDate "1999.11.16"]
[SourceVersion "1"]
[SourceVersionDate "1999.11.16"]
[SourceQuality "1"]

1. c4 Nf6 2. Nc3 g6 3. g3 Bg7 4. Bg2 e5 5. Nf3 d6 6. 0-0 0-0 7. d4 Nbd7 8. h3 c6 9. dxe5 dxe5 10. e4 Qe7 11. b3 Rd8 12. Qc2 Nf8 13. Be3 Nh5 14. Rad1 Bd7 15. Na4 Ne6 16. c5 Be8 17. b4 f5 18. Bc1 Bf7 19. Bb2 Ng5 20. exf5 gxf5 21. Nh4 f4 22. Nf5 Qe6 23. h4 Bg6 24. g4 f3 25. Bh1 Nh3+ 26. Kh2 N5f4 27. Bxf3 Qf6 28. Kg3 h5 29. Rd6 Rxd6 30. cxd6 Kh7 31. Nc5 Rg8 32. Be4 hxg4 33. Ne7 Bh6 34. Nxg8 Kxg8 35. d7 Nh5+ 36. Kxg4 N5f4 37. Bxe5 1-0

[Event "Fide Mercenarios 39th"]
[Site "Mexico City"]
[Date "1999.??.??"]
[Round "3"]
[White "Capistran, Javier"]
[Black "Ten Kate, Adrian"]
[Result "1/2-1/2"]
[WhiteElo "2195"]
[BlackElo "2180"]
[PlyCount "102"]
[EventDate "1999.??.??"]
[EventType "tourn"]
[EventRounds "11"]
[EventCountry "MEX"]
[SourceTitle "EXT 2000"]
[Source "ChessBase"]
[SourceDate "1999.11.16"]
[SourceVersion "1"]
[SourceVersionDate "1999.11.16"]
[SourceQuality "1"]

1. c4 Nf6 2. Nc3 c5 3. Nf3 Nc6 4. d4 cxd4 5. Nxd4 g6 6. e4 d6 7. Be2 Bg7 8. Be3 0-0 9. Qd2 Ng4 10. Bxg4 Bxg4 11. 0-0 Rc8 12. b3 a6 13. Nxc6 bxc6 14. Bh6 Be6 15. Bxg7 Kxg7 16. Qd4+ f6 17. f4 Qc7 18. Rad1 Rcd8 19. Rd3 Rd7 20. f5 Bf7 21. Na4 Rfd8 22. Re1 Qa7 23. Qxa7 Rxa7 24. g4 g5 25. e5 fxe5 26. Rxe5 Rh8 27. Re2 h6 28. Nc3 Rd8 29. Ne4 d5 30. Nc5 Rd6 31. cxd5 Bxd5 32. Red2 Kf6 33. Rd4 a5 34. Ra4 Bf3 35. Rxd6+ exd6 36. Nd3 Be2 37. Nf2 Bb5 38. Re4 Re7 39. Rxe7 Kxe7 40. Ne4 d5 41. Nc5 Kd6 42. Nb7+ Ke5 43. Nxa5 c5 44. Kf2 c4 45. bxc4 dxc4 46. a4 Bxa4 47. Nxc4+ Kf6 48. Kg3 Bc2 49. Nd2 h5 50. gxh5 Bxf5 51. Kf3 Kg7 1/2-1/2

[Event "Fide Mercenarios 6th"]
[Site "Mexico City"]
[Date "1995.??.??"]
[Round "4"]
[White "Capistran, Javier"]
[Black "Soto Franco, Carlos"]
[Result "1/2-1/2"]
[WhiteElo "2000"]
[BlackElo "2000"]
[PlyCount "73"]
[EventDate "1995.??.??"]
[EventType "tourn"]
[EventRounds "11"]
[EventCountry "MEX"]
[SourceTitle "EXT 2000"]
[Source "ChessBase"]
[SourceDate "1999.11.16"]
[SourceVersion "1"]
[SourceVersionDate "1999.11.16"]
[SourceQuality "1"]

1. c4 Nf6 2. Nc3 b6 3. d4 e6 4. Bg5 Be7 5. e3 Bb7 6. Nf3 Ne4 7. Nxe4 Bxe4 8. Bxe7 Qxe7 9. Bd3 Qb4+ 10. Qd2 Qxd2+ 11. Kxd2 Bxd3 12. Kxd3 d6 13. b4 Nd7 14. a4 Ke7 15. Ra2 a5 16. b5 Rad8 17. Rc2 f6 18. Rb1 e5 19. Nd2 Rhe8 20. f4 Kf7 21. f5 Re7 22. Ne4 Rde8 23. d5 Nc5+ 24. Nxc5 dxc5 25. Ke4 Rd7 26. g4 Ke7 27. Rg1 h6 28. h4 Rh8 29. Rd2 Rdd8 30. Rf2 Kf7 31. Rd2 Ke7 32. Rgd1 Kd6 33. Kf3 Rdg8 34. Rg1 Rd8 35. Kg3 Rh7 36. e4 Ke7 37. Kf3 1/2-1/2

[Event "Fide Mercenarios 6th"]
[Site "Mexico City"]
[Date "1995.??.??"]
[Round "8"]
[White "Halfon, Enrique"]
[Black "Capistran, Javier"]
[Result "0-1"]
[WhiteElo "2000"]
[BlackElo "2000"]
[PlyCount "114"]
[EventDate "1995.??.??"]
[EventType "tourn"]
[EventRounds "11"]
[EventCountry "MEX"]
[SourceTitle "EXT 2000"]
[Source "ChessBase"]
[SourceDate "1999.11.16"]
[SourceVersion "1"]
[SourceVersionDate "1999.11.16"]
[SourceQuality "1"]

1. f4 d5 2. e3 g6 3. Nf3 c5 4. c4 d4 5. e4 Nc6 6. d3 Bg7 7. Be2 Nh6 8. 0-0 Bg4 9. Nbd2 Qc7 10. h3 Bd7 11. a3 Qxf4 12. Nb3 Qg3 13. Qe1 Qxe1 14. Nxe1 b6 15. Nc2 Ne5 16. Bf4 Ba4 17. Ncxd4 cxd4 18. Nxd4 Rd8 19. Nb5 Bxb5 20. cxb5 Nxd3 21. Bxd3 Rxd3 22. Rac1 e5 23. Rc8+ Rd8 24. Rxd8+ Kxd8 25. Bxh6 Bxh6 26. Rxf7 Kc8 27. Rxa7 Kb8 28. Re7 Be3+ 29. Kf1 Bd4 30. b4 Rf8+ 31. Ke2 h5 32. Kd3 Rc8 33. a4 Rc3+ 34. Kd2 Rg3 35. a5 bxa5 36. bxa5 Rxg2+ 37. Kd3 Rg3+ 38. Ke2 Rxh3 39. a6 Rb3 40. Rg7 Rxb5 41. Rxg6 Rb6 42. Rg8+ Ka7 43. Rh8 Rb2+ 44. Kf3 Rf2+ 45. Kg3 Rf4 46. Rxh5 Kxa6 47. Rh8 Kb5 48. Rc8 Bf2+ 49. Kg2 Bc5 50. Rd8 Kc4 51. Rd1 Rxe4 52. Kf1 Re3 53. Rc1+ Rc3 54. Rd1 Rc2 55. Ra1 e4 56. Ke1 e3 57. Ra8 Kd3 0-1

[Event "Fide Mercenarios 6th"]
[Site "Mexico City"]
[Date "1995.??.??"]
[Round "3"]
[White "Sorensen, J."]
[Black "Capistran, Javier"]
[Result "0-1"]
[WhiteElo "2000"]
[BlackElo "2000"]
[PlyCount "80"]
[EventDate "1995.??.??"]
[EventType "tourn"]
[EventRounds "11"]
[EventCountry "MEX"]
[SourceTitle "EXT 2000"]
[Source "ChessBase"]
[SourceDate "1999.11.16"]
[SourceVersion "1"]
[SourceVersionDate "1999.11.16"]
[SourceQuality "1"]

1. f4 d5 2. b3 c5 3. e3 d4 4. Nf3 dxe3 5. d3 Qa5+ 6. c3 g6 7. Bxe3 Nc6 8. d4 Bf5 9. Bd3 Bg4 10. 0-0 cxd4 11. cxd4 Bg7 12. Bc4 Nh6 13. Qd2 Bxf3 14. Qxa5 Nxa5 15. Rxf3 Nxc4 16. bxc4 Nf5 17. Nc3 Nxe3 18. Nb5 Nxc4 19. Rd1 0-0 20. g4 Nd6 21. Nxd6 exd6 22. f5 Bf6 23. Kg2 Rae8 24. Kg3 g5 25. Rb3 Re4 26. Rxb7 Rxd4 27. Rxd4 Bxd4 28. h4 h6 29. hxg5 hxg5 30. Rd7 a5 31. Kf3 Bc5 32. f6 Kh7 33. Ke4 Kg6 34. Kd5 Kxf6 35. Rb7 Re8 36. Rb5 Re5+ 37. Kc6 Bb4 38. a4 Re4 39. Rf5+ Kg6 40. Kd5 Rxg4 0-1